Themed General Knowledge Questions #4 - Statistics

General Stats
  • This quiz has been taken 36 times
    35 since last reset
  • The average score is 4 of 10
Answer Stats
Question Answer % Correct
Which country below is Mount Everest (partially) in? China
69%
What concert-band component is not generally used in symphony orchestras? Saxophone
69%
Which of these US states are spelt correctly: Delaware
66%
Which peoples group did Henan Cortes fight and win against? The Aztecs
50%
In which book did an animal ask a human 'are you an animal, a vegetable or a mineral'? The Magician's Nephew (C.S Lewis)
31%
What does pH stand for? Potential hydrogen
25%
Which of these are not citrus fruits (or real???)? Kiwifruit
19%
Which book of the bible below happens the earliest (chronologically) Job
16%
At a molecular level, what plant is the mirror image of spearmint? Dill
13%
What is the third number of the Fibonacci sequence? 1
9%
No matching quizzes found
Score Distribution
Percent of People with Each Score
Percentile by Number Answered
Your Score History
You have not taken this quiz since the last reset